000
00297nam a2200133Ia 4500
008
230917s9999||||xx |||||||||||||| ||und||
040
_e
132154
_a
MAIN
041
_a
English
082
_a
330.1543 J641E
100
_a
Johnston.J
245
0
_a
Economics methods
300
_a
568p. p.
942
_c
BK
999
_c
61512
_d
61512